The Life of Cervantes (Record no. 3975)

MARC details
000 -CABECERA
campo de control de longitud fija 01071nam a2200253 a 4500
001 - NÚMERO DE CONTROL
campo de control BRCA_4264
005 - FECHA Y HORA DE LA ÚLTIMA TRANSACCIÓN
campo de control 20190320204615.0
008 - DATOS DE LONGITUD FIJA--INFORMACIÓN GENERAL
campo de control de longitud fija 150610s1905----enka######---#000-0#eng-#
041 ## - CÓDIGO DE LENGUA
Código de lengua del texto/banda sonora o título independiente eng
044 ## - CÓDIGO DEL PAÍS DE LA ENTIDAD EDITORA/PRODUCTORA
Código MARC del país enk
050 #4 - SIGNATURA TOPOGRÁFICA DE LA BIBLIOTECA DEL CONGRESO
Número de clasificación PQ6337
Número de documento/Ítem .C35 1905
100 1# - ENTRADA PRINCIPAL--NOMBRE DE PERSONA
Nombre de persona Calvert, Albert F.
9 (RLIN) 10996
245 10 - MENCIÓN DE TÍTULO
Título The Life of Cervantes
Resto del título with numerous portraits and reproductions from early editions of Don Quijote
Mención de responsabilidad, etc. By Albert F. Calvert.
260 ## - PUBLICACIÓN, DISTRIBUCIÓN, ETC.
Lugar de publicación, distribución, etc. Londres : Nueva York
Nombre del editor, distribuidor, etc. John Lane ; The bodley head
Fecha de publicación, distribución, etc. 1905
300 ## - DESCRIPCIÓN FÍSICA
Extensión 138 p.
Otras características físicas il.
Dimensiones 20 cm.
500 ## - NOTA GENERAL
Nota general Edición con cantos dorados
500 ## - NOTA GENERAL
Nota general Edición tricentenaria
500 ## - NOTA GENERAL
Nota general Incluye índice de ilustraciones, repertorio cronológico de los trabajos relativos a la vida de Cervantes, una lista de bibliografías de Cervantes de manera cronológica y una sinopsis de las ediciones en las que el Quijote se ha publicado
500 ## - NOTA GENERAL
Nota general La biblioteca tiene 2 ejemplares con el mismo número de inventario
500 ## - NOTA GENERAL
Nota general AM77
600 14 - PUNTO DE ACCESO ADICIONAL DE MATERIA--NOMBRE DE PERSONA
Nombre de persona Cervantes Saavedra, Miguel de
Fechas asociadas al nombre 1547-1616
9 (RLIN) 213
902 ## - CATALOGADOR
Iniciales GFM
942 ## - ELEMENTOS DE PUNTO DE ACCESO ADICIONAL (KOHA)
Fuente del sistema de clasificación o colocación Library of Congress Classification
Tipo de ítem Koha Libros
Holdings
Estado de retiro Estado de pérdida Estado dañado No para préstamo Localización permanente Ubicación/localización actual Fecha de adquisición Número de inventario Total de préstamos Signatura topográfica completa Código de barras Fecha visto por última vez Precio válido a partir de Tipo de ítem Koha
El ejemplar forma parte de la colección y puede ser consultado según las políticas vigentes.       Biblioteca del Museo Franz Mayer (Rogerio Casas-Alatriste) Biblioteca del Museo Franz Mayer (Rogerio Casas-Alatriste) 15/06/2010 AM77   PQ6337 .C35 1905 (AM77) 4261 22/03/2019 22/03/2019 Libros